| 000 -LEADER |
| fixed length control field |
00519nam a22001817a 4500 |
| 008 - FIXED-LENGTH DATA ELEMENTS--GENERAL INFORMATION |
| fixed length control field |
140923b xxu||||| |||| 00| 0 eng d |
| 020 ## - INTERNATIONAL STANDARD BOOK NUMBER |
| International Standard Book Number |
0821360477 |
| 041 #0 - LANGUAGE CODE |
| Language code of text/sound track or separate title |
eng |
| 080 ## - UNIVERSAL DECIMAL CLASSIFICATION NUMBER |
| Universal Decimal Classification number |
355.425 |
| Common auxiliary subdivision |
(6) |
| 100 1# - Rafti |
| Rafti |
Collier, Paul |
| 245 10 - TITLE STATEMENT |
| Title |
Understanding Civil War - Africa |
| 260 ## - |
| -- |
Washington : |
| -- |
World Bank Publications ; |
| -- |
2005. |
| 300 ## - |
| -- |
353 f.: |
| -- |
me il.; |
| -- |
23 cm. |
| 500 ## - |
| -- |
Preface: f. XIII-XV |
| 505 ## - |
| -- |
Index: f. 339-353 |
| 650 #0 - |
| -- |
Lufta |
| -- |
Afrika |
| 942 ## - ADDED ENTRY ELEMENTS (KOHA) |
| Source of classification or shelving scheme |
|
| Item type |
Books |